[Event "DEM U10 2021"]
[Site "Willingen GER"]
[Date "2021.08.23"]
[Round "1"]
[White "Buchinger, Alexis"]
[Black "Vranckx, Oscar"]
[Result "1-0"]
[Termination "normal"]
[Board "1"]
[WhiteElo "1578"]
[BlackElo "1300"]
[WhiteClock "00:47:38"]
[BlackClock "01:04:09"]
[PlyCount "159"]
[WhiteFideId "16287134"]
[BlackFideId "34608788"]
[EventCountry "GER"]
[EventRounds "11"]
[EventType "swiss"]
[EventDate "2021.08.22"]

1. e4 {[%clk 01:15:57]} {[%emt 00:00:04]} c5 {[%clk 01:15:52]} {[%emt
00:00:08]} 2. Nf3 {[%clk 01:16:21]} {[%emt 00:00:06]} Nc6 {[%clk 01:16:14]}
{[%emt 00:00:09]} 3. d4 {[%clk 01:16:33]} {[%emt 00:00:18]} cxd4 {[%emt
00:00:07]} 4. Nxd4 {[%emt 00:00:21]} e5 {[%clk 01:16:57]} {[%emt 00:00:09]} 5.
Nb5 {[%clk 01:16:58]} {[%emt 00:00:14]} d6 {[%clk 01:17:19]} {[%emt 00:00:07]}
6. N1c3 {[%clk 01:15:08]} {[%emt 00:02:21]} a6 {[%clk 01:17:31]} {[%emt
00:00:18]} 7. Na3 {[%clk 01:15:30]} {[%emt 00:00:07]} Be7 {[%clk 01:17:23]}
{[%emt 00:00:38]} 8. Nd5 {[%clk 01:15:25]} {[%emt 00:00:35]} Be6 {[%clk
01:16:25]} {[%emt 00:01:28]} 9. Be3 {[%clk 01:15:08]} {[%emt 00:00:46]} Bxd5
{[%clk 01:16:13]} {[%emt 00:00:42]} 10. exd5 {[%clk 01:15:11]} {[%emt
00:00:27]} Nb8 {[%clk 01:16:25]} {[%emt 00:00:19]} 11. Qg4 {[%clk 01:13:06]}
{[%emt 00:02:35]} Bf6 {[%clk 01:15:04]} {[%emt 00:01:51]} 12. Qa4+ {[%clk
01:13:11]} {[%emt 00:00:25]} Nd7 {[%clk 01:14:35]} {[%emt 00:01:00]} 13. Nc4
{[%clk 01:07:33]} {[%emt 00:06:06]} b5 {[%clk 01:14:05]} {[%emt 00:01:02]} 14.
Nxd6+ {[%clk 01:07:39]} {[%emt 00:00:23]} Kf8 {[%clk 01:13:24]} {[%emt
00:01:12]} 15. Qb3 {[%clk 01:06:57]} {[%emt 00:01:12]} Be7 {[%clk 01:12:03]}
{[%emt 00:01:50]} 16. Nxf7 {[%clk 01:03:57]} {[%emt 00:03:31]} Kxf7 {[%clk
01:11:14]} {[%emt 00:01:19]} 17. d6+ {[%clk 01:04:22]} {[%emt 00:00:06]} Ke8
{[%clk 01:09:48]} {[%emt 00:01:55]} 18. dxe7 {[%clk 01:04:35]} {[%emt
00:00:17]} Qxe7 {[%clk 01:09:55]} {[%emt 00:00:23]} 19. g3 {[%clk 01:02:00]}
{[%emt 00:03:05]} Ngf6 {[%clk 01:09:03]} {[%emt 00:01:22]} 20. Bg2 {[%clk
01:02:18]} {[%emt 00:00:12]} e4 {[%clk 01:08:55]} {[%emt 00:00:38]} 21. O-O
{[%clk 01:00:46]} {[%emt 00:02:03]} Ne5 {[%clk 01:08:42]} {[%emt 00:00:43]} 22.
Rfe1 {[%clk 00:59:21]} {[%emt 00:01:54]} Kf8 {[%clk 01:08:16]} {[%emt
00:00:57]} 23. Bg5 {[%clk 00:57:47]} {[%emt 00:02:02]} Neg4 {[%clk 01:06:56]}
{[%emt 00:01:51]} 24. Bxe4 {[%clk 00:56:45]} {[%emt 00:01:32]} Qc5 {[%clk
01:06:01]} {[%emt 00:01:25]} 25. Bxf6 Nxf6 26. Qe3 {[%clk 00:54:31]} {[%emt
00:00:01]} Qxe3 {[%clk 01:02:34]} {[%emt 00:00:51]} 27. Rxe3 {[%clk 00:54:55]}
{[%emt 00:00:07]} Re8 {[%clk 01:02:38]} {[%emt 00:00:23]} 28. Rae1 {[%clk
00:55:21]} {[%emt 00:00:08]} Kf7 {[%clk 01:02:23]} {[%emt 00:00:45]} 29. Bf5
{[%emt 00:02:21]} g6 {[%clk 01:00:52]} 30. Rxe8 {[%clk 00:55:49]} {[%emt
00:00:10]} Nxe8 {[%clk 01:00:58]} {[%emt 00:00:25]} 31. Be6+ {[%clk 00:55:42]}
{[%emt 00:00:37]} Kf6 {[%clk 01:00:50]} {[%emt 00:00:38]} 32. Bb3 {[%clk
00:55:23]} {[%emt 00:00:50]} Nc7 {[%emt 00:00:30]} 33. f4 {[%clk 00:55:33]}
{[%emt 00:00:18]} a5 {[%clk 01:01:17]} {[%emt 00:00:05]} 34. c3 {[%clk
00:55:07]} {[%emt 00:00:56]} Rd8 {[%clk 01:01:23]} {[%emt 00:00:24]} 35. Kf2
{[%clk 00:55:07]} {[%emt 00:00:29]} a4 {[%clk 01:01:30]} {[%emt 00:00:24]} 36.
Bc2 {[%clk 00:55:20]} {[%emt 00:00:16]} Ne6 {[%clk 01:01:25]} {[%emt 00:00:36]}
37. Rd1 {[%clk 00:55:37]} {[%emt 00:00:14]} Re8 {[%clk 01:01:10]} {[%emt
00:00:45]} 38. Rd5 {[%clk 00:55:39]} {[%emt 00:00:27]} Rb8 {[%clk 01:01:11]}
{[%emt 00:00:30]} 39. Bd3 {[%clk 00:55:42]} {[%emt 00:00:27]} b4 {[%clk
01:01:00]} {[%emt 00:00:42]} 40. cxb4 {[%clk 00:55:23]} {[%emt 00:00:48]} Rxb4
{[%clk 01:01:12]} {[%emt 00:00:18]} 41. Rb5 {[%clk 00:55:33]} {[%emt 00:00:18]}
Rd4 {[%clk 01:01:19]} {[%emt 00:00:24]} 42. Ke3 {[%clk 00:55:50]} {[%emt
00:00:13]} Rd8 {[%clk 01:01:18]} {[%emt 00:00:32]} 43. Ra5 {[%clk 00:55:22]}
{[%emt 00:00:58]} Rb8 {[%clk 01:00:42]} {[%emt 00:01:07]} 44. Rb5 {[%clk
00:55:07]} {[%emt 00:00:44]} Rd8 {[%clk 01:00:53]} {[%emt 00:00:19]} 45. Rb6
{[%clk 00:54:45]} {[%emt 00:00:52]} Ke7 {[%clk 01:00:49]} {[%emt 00:00:34]} 46.
Rb7+ {[%clk 00:54:50]} {[%emt 00:00:26]} Kf6 {[%clk 01:00:43]} {[%emt
00:00:34]} 47. Bc4 {[%clk 00:51:52]} {[%emt 00:03:29]} Rd6 {[%clk 01:00:23]}
{[%emt 00:00:50]} 48. Bxe6 {[%clk 00:48:57]} {[%emt 00:03:26]} Rxe6+ {[%clk
01:00:45]} {[%emt 00:00:07]} 49. Kf3 {[%clk 00:48:16]} {[%emt 00:01:11]} h5
{[%clk 01:00:43]} {[%emt 00:00:32]} 50. Ra7 {[%clk 00:47:38]} {[%emt 00:01:09]}
Rb6 {[%clk 01:01:03]} {[%emt 00:00:09]} 51. Rxa4 {[%clk 00:47:14]} {[%emt
00:00:55]} Rxb2 {[%clk 01:00:59]} {[%emt 00:00:34]} 52. h3 {[%clk 00:47:07]}
{[%emt 00:00:35]} Rh2 {[%clk 01:00:50]} {[%emt 00:00:40]} 53. Ra7 {[%clk
00:47:18]} {[%emt 00:00:18]} Rb2 {[%clk 01:01:01]} {[%emt 00:00:20]} 54. g4
{[%clk 00:47:08]} {[%emt 00:00:39]} Rh2 {[%clk 01:00:38]} {[%emt 00:00:52]} 55.
g5+ {[%clk 00:46:51]} {[%emt 00:00:48]} Kf5 {[%clk 01:00:52]} {[%emt 00:00:16]}
56. Rf7+ {[%clk 00:46:17]} {[%emt 00:01:04]} Ke6 {[%clk 01:01:16]} {[%emt
00:00:06]} 57. Rf6+ {[%clk 00:46:38]} {[%emt 00:00:10]} Ke7 {[%clk 01:01:38]}
{[%emt 00:00:07]} 58. Kg3 {[%clk 00:46:14]} {[%emt 00:00:54]} Rxa2 {[%clk
01:02:01]} {[%emt 00:00:06]} 59. Rxg6 {[%clk 00:46:35]} {[%emt 00:00:09]} Ra3+
{[%clk 01:01:55]} {[%emt 00:00:38]} 60. Kh4 {[%clk 00:46:46]} {[%emt 00:00:18]}
Rf3 {[%clk 01:01:38]} {[%emt 00:00:47]} 61. Rf6 {[%clk 00:46:19]} {[%emt
00:00:57]} Ke8 {[%clk 01:01:35]} {[%emt 00:00:32]} 62. f5 {[%clk 00:44:11]}
{[%emt 00:02:38]} Ke7 {[%clk 01:01:54]} {[%emt 00:00:11]} 63. Re6+ {[%clk
00:44:32]} {[%emt 00:00:10]} Kf7 {[%clk 01:02:12]} {[%emt 00:00:12]} 64. Re5
{[%clk 00:44:38]} {[%emt 00:00:24]} Kg7 {[%clk 01:02:05]} {[%emt 00:00:37]} 65.
Re7+ {[%clk 00:44:40]} {[%emt 00:00:28]} Kh8 {[%clk 01:02:29]} {[%emt
00:00:06]} 66. Kxh5 {[%clk 00:44:29]} {[%emt 00:00:40]} Kg8 {[%clk 01:02:34]}
{[%emt 00:00:24]} 67. Kg6 {[%clk 00:44:42]} {[%emt 00:00:19]} Kf8 {[%clk
01:02:54]} {[%emt 00:00:08]} 68. Rh7 {[%clk 00:45:03]} {[%emt 00:00:11]} Rf1
{[%clk 01:02:31]} {[%emt 00:00:53]} 69. h4 {[%clk 00:45:16]} {[%emt 00:00:18]}
Rf3 {[%clk 01:02:53]} {[%emt 00:00:06]} 70. h5 {[%clk 00:45:43]} {[%emt
00:00:04]} Rf4 {[%clk 01:03:14]} {[%emt 00:00:09]} 71. h6 {[%clk 00:46:08]}
{[%emt 00:00:06]} Rf3 {[%clk 01:03:29]} {[%emt 00:00:14]} 72. Rf7+ {[%clk
00:46:27]} {[%emt 00:00:11]} Ke8 {[%clk 01:03:53]} {[%emt 00:00:06]} 73. h7
{[%clk 00:46:49]} {[%emt 00:00:08]} Rh3 {[%clk 01:04:21]} {[%emt 00:00:01]} 74.
Rg7 {[%clk 00:47:10]} {[%emt 00:00:09]} Kd8 {[%clk 01:04:39]} {[%emt 00:00:13]}
75. f6 {[%clk 00:47:28]} {[%emt 00:00:13]} Ke8 {[%clk 01:04:40]} {[%emt
00:00:28]} 76. Rg8+ {[%clk 00:47:41]} {[%emt 00:00:15]} Kd7 {[%clk 01:05:01]}
{[%emt 00:00:10]} 77. f7 {[%clk 00:48:05]} {[%emt 00:00:06]} Rc3 {[%clk
01:04:59]} {[%emt 00:00:31]} 78. h8=Q {[%clk 00:47:51]} {[%emt 00:00:44]} Rc6+
{[%clk 01:04:04]} {[%emt 00:01:26]} 79. Qf6 {[%clk 00:47:54]} {[%emt 00:00:28]}
Rc7 {[%clk 01:04:09]} {[%emt 00:00:24]} 80. Rd8# {[%clk 00:47:38]} {[%emt
00:00:16]} 1-0

[Event "DEM U10 2021"]
[Site "Willingen GER"]
[Date "2021.08.23"]
[Round "1"]
[White "Fettig, Michel"]
[Black "Nemitz, Alfred"]
[Result "0-1"]
[Termination "normal"]
[Board "2"]
[WhiteElo "1297"]
[BlackElo "1280"]
[WhiteClock "00:33:33"]
[BlackClock "00:57:11"]
[PlyCount "82"]
[WhiteFideId "34608982"]
[BlackFideId "34601791"]
[EventCountry "GER"]
[EventRounds "11"]
[EventType "swiss"]
[EventDate "2021.08.22"]

1. c4 {[%clk 01:15:59]} {[%emt 00:00:02]} e6 {[%clk 01:15:51]} {[%emt
00:00:09]} 2. g3 {[%clk 01:16:21]} {[%emt 00:00:07]} d5 {[%clk 01:15:56]}
{[%emt 00:00:25]} 3. Bg2 {[%clk 01:16:27]} {[%emt 00:00:24]} Nf6 {[%clk
01:16:15]} {[%emt 00:00:12]} 4. Nc3 {[%clk 01:16:26]} {[%emt 00:00:30]} c5
{[%clk 01:15:49]} {[%emt 00:00:56]} 5. e3 {[%clk 01:13:48]} {[%emt 00:03:09]}
Nc6 {[%clk 01:15:30]} {[%emt 00:00:49]} 6. cxd5 {[%clk 01:12:18]} {[%emt
00:02:00]} exd5 {[%clk 01:15:54]} {[%emt 00:00:06]} 7. d4 {[%clk 01:11:32]}
{[%emt 00:01:16]} cxd4 {[%clk 01:15:08]} {[%emt 00:01:16]} 8. exd4 {[%clk
01:11:49]} {[%emt 00:00:13]} Bg4 {[%clk 01:14:27]} {[%emt 00:01:10]} 9. Nge2
{[%clk 01:08:26]} {[%emt 00:03:49]} Be7 {[%emt 00:01:13]} 10. O-O {[%clk
01:06:34]} {[%emt 00:02:13]} O-O {[%clk 01:13:57]} {[%emt 00:00:31]} 11. Re1
{[%clk 01:02:35]} {[%emt 00:04:29]} Qd7 {[%clk 01:12:41]} {[%emt 00:01:46]} 12.
Qd3 {[%clk 00:56:59]} {[%emt 00:06:06]} Bf5 {[%clk 01:12:22]} {[%emt 00:00:49]}
13. Qb5 {[%clk 00:56:56]} {[%emt 00:00:31]} Rad8 {[%clk 01:11:27]} {[%emt
00:01:26]} 14. Be3 {[%clk 00:55:31]} {[%emt 00:01:57]} a6 {[%clk 01:11:44]}
{[%emt 00:00:13]} 15. Qb3 {[%clk 00:55:46]} {[%emt 00:00:14]} Nb4 {[%clk
01:11:25]} {[%emt 00:00:47]} 16. Rec1 {[%clk 00:53:04]} {[%emt 00:03:13]} Nd3
{[%clk 01:09:02]} {[%emt 00:02:51]} 17. Rd1 {[%clk 00:51:34]} {[%emt 00:01:59]}
Nb4 {[%clk 01:06:03]} {[%emt 00:03:33]} 18. Rdc1 {[%clk 00:51:36]} {[%emt
00:00:27]} Ng4 {[%clk 01:04:10]} {[%emt 00:02:23]} 19. a3 {[%clk 00:48:30]}
{[%emt 00:03:36]} Nxe3 {[%clk 01:02:28]} {[%emt 00:02:12]} 20. fxe3 {[%clk
00:47:46]} {[%emt 00:01:14]} Nd3 {[%clk 01:00:59]} {[%emt 00:02:31]} 21. Rd1
{[%clk 00:46:28]} {[%emt 00:02:15]} Qe6 {[%clk 01:00:24]} {[%emt 00:01:05]} 22.
Rxd3 {[%clk 00:41:33]} {[%emt 00:05:26]} Bxd3 {[%clk 01:00:20]} {[%emt
00:00:33]} 23. Kf2 {[%clk 00:39:47]} {[%emt 00:02:16]} Bc4 {[%clk 01:00:34]}
{[%emt 00:00:18]} 24. Qc2 {[%clk 00:39:07]} {[%emt 00:01:10]} Bg5 {[%clk
01:00:33]} {[%emt 00:00:29]} 25. Qd2 {[%clk 00:38:50]} {[%emt 00:00:49]} Rfe8
{[%clk 01:00:51]} {[%emt 00:00:12]} 26. Nf4 {[%clk 00:38:34]} {[%emt 00:00:47]}
Bxf4 {[%clk 01:00:12]} {[%emt 00:01:08]} 27. exf4 {[%clk 00:37:22]} {[%emt
00:01:43]} Re7 {[%clk 01:00:15]} {[%emt 00:00:25]} 28. Re1 {[%clk 00:36:59]}
{[%emt 00:00:55]} Qxe1+ {[%clk 00:58:53]} {[%emt 00:01:51]} 29. Qxe1 {[%clk
00:36:14]} {[%emt 00:01:15]} Rxe1 {[%clk 00:59:17]} {[%emt 00:00:06]} 30. Kxe1
{[%clk 00:36:16]} {[%emt 00:00:28]} f6 {[%clk 00:57:52]} {[%emt 00:01:55]} 31.
Kd2 {[%clk 00:36:18]} {[%emt 00:00:29]} Kf7 {[%clk 00:56:52]} {[%emt 00:01:29]}
32. Kc2 {[%clk 00:36:04]} {[%emt 00:00:45]} Ke6 {[%clk 00:57:16]} {[%emt
00:00:05]} 33. b3 {[%clk 00:36:32]} {[%emt 00:00:03]} Bb5 {[%clk 00:57:40]}
{[%emt 00:00:06]} 34. Nxb5 {[%clk 00:35:23]} {[%emt 00:01:39]} axb5 {[%clk
00:58:03]} {[%emt 00:00:06]} 35. Bf1 {[%clk 00:35:44]} {[%emt 00:00:07]} Rc8+
{[%clk 00:58:13]} {[%emt 00:00:22]} 36. Kb2 {[%clk 00:35:44]} {[%emt 00:00:31]}
b4 {[%clk 00:57:31]} {[%emt 00:01:13]} 37. f5+ {[%clk 00:35:30]} {[%emt
00:00:43]} Kd6 {[%clk 00:57:54]} {[%emt 00:00:06]} 38. axb4 {[%clk 00:35:11]}
{[%emt 00:00:49]} Re8 {[%clk 00:58:03]} {[%emt 00:00:19]} 39. Kc3 {[%clk
00:33:39]} {[%emt 00:02:05]} Re1 {[%clk 00:58:11]} {[%emt 00:00:21]} 40. Bd3
{[%clk 00:33:28]} {[%emt 00:00:41]} Rh1 {[%clk 00:58:27]} {[%emt 00:00:15]} 41.
b5 {[%clk 00:33:33]} {[%emt 00:00:25]} b6 {[%clk 00:57:11]} {[%emt 00:01:47]}
0-1

[Event "DEM U10 2021"]
[Site "Willingen GER"]
[Date "2021.08.23"]
[Round "1"]
[White "Stichter, Constantin"]
[Black "Teng, David"]
[Result "1-0"]
[Termination "normal"]
[Board "3"]
[WhiteElo "1444"]
[BlackElo "1380"]
[WhiteClock "00:53:37"]
[BlackClock "00:48:04"]
[PlyCount "49"]
[WhiteFideId "34603140"]
[BlackFideId "34604570"]
[EventCountry "GER"]
[EventRounds "11"]
[EventType "swiss"]
[EventDate "2021.08.22"]

1. e4 {[%clk 01:15:57]} {[%emt 00:00:02]} c5 {[%clk 01:15:43]} {[%emt
00:00:18]} 2. d4 {[%clk 01:15:51]} {[%emt 00:00:35]} cxd4 {[%clk 01:15:45]}
{[%emt 00:00:28]} 3. c3 {[%clk 01:16:11]} {[%emt 00:00:10]} Nf6 {[%clk
01:15:47]} {[%emt 00:00:27]} 4. e5 {[%clk 01:16:35]} {[%emt 00:00:07]} Nd5
{[%clk 01:16:08]} {[%emt 00:00:08]} 5. Nf3 {[%clk 01:16:52]} {[%emt 00:00:14]}
Nc6 {[%emt 00:01:42]} 6. cxd4 {[%clk 01:16:40]} {[%emt 00:00:29]} d6 {[%clk
01:15:10]} {[%emt 00:00:28]} 7. Bc4 {[%clk 01:04:03]} {[%emt 00:13:06]} Nb6
{[%clk 01:13:40]} {[%emt 00:02:00]} 8. Bb5 {[%clk 01:00:45]} {[%emt 00:03:49]}
a6 {[%clk 01:11:15]} {[%emt 00:02:56]} 9. Bxc6+ {[%clk 01:00:15]} {[%emt
00:00:59]} bxc6 {[%clk 01:10:17]} {[%emt 00:01:28]} 10. O-O {[%clk 01:00:08]}
{[%emt 00:00:36]} e6 {[%clk 01:07:24]} {[%emt 00:03:24]} 11. Nc3 {[%clk
00:59:37]} {[%emt 00:01:01]} Be7 {[%clk 01:06:41]} {[%emt 00:01:13]} 12. Bf4
{[%clk 00:58:02]} {[%emt 00:02:05]} d5 {[%clk 01:06:45]} {[%emt 00:00:26]} 13.
Nd2 {[%clk 00:57:57]} {[%emt 00:00:35]} O-O {[%clk 01:04:59]} {[%emt 00:02:15]}
14. Qg4 {[%clk 00:58:04]} {[%emt 00:00:55]} Re8 {[%clk 01:04:28]} {[%emt
00:01:30]} 15. h4 {[%clk 00:56:33]} {[%emt 00:02:02]} Bxh4 {[%clk 01:03:38]}
{[%emt 00:01:19]} 16. g3 {[%clk 00:56:55]} {[%emt 00:00:08]} Be7 {[%clk
01:02:40]} {[%emt 00:01:28]} 17. Kg2 {[%clk 00:57:04]} {[%emt 00:00:22]} g6
{[%clk 01:01:00]} {[%emt 00:02:11]} 18. Rh1 {[%clk 00:57:02]} {[%emt 00:00:31]}
h5 {[%clk 00:58:38]} {[%emt 00:02:52]} 19. Rxh5 {[%clk 00:55:33]} {[%emt
00:01:59]} Bf8 {[%clk 00:52:22]} {[%emt 00:06:45]} 20. Rah1 {[%clk 00:54:00]}
{[%emt 00:02:03]} Bg7 {[%clk 00:52:33]} {[%emt 00:00:19]} 21. Rh7 {[%clk
00:52:58]} {[%emt 00:01:32]} Nd7 {[%clk 00:51:49]} {[%emt 00:01:14]} 22. Qh3
{[%clk 00:52:30]} {[%emt 00:00:59]} f6 {[%clk 00:47:56]} {[%emt 00:04:22]} 23.
Rxg7+ {[%clk 00:52:45]} {[%emt 00:00:14]} Kxg7 {[%clk 00:48:00]} {[%emt
00:00:24]} 24. Qh7+ {[%clk 00:53:11]} {[%emt 00:00:05]} Kf8 {[%clk 00:48:04]}
{[%emt 00:00:27]} 25. Bh6# {[%clk 00:53:37]} {[%emt 00:00:04]} 1-0

[Event "DEM U10 2021"]
[Site "Willingen GER"]
[Date "2021.08.23"]
[Round "1"]
[White "Xu, Wanghan"]
[Black "Polzin, Gustav"]
[Result "0-1"]
[Termination "normal"]
[Board "4"]
[WhiteElo "1289"]
[BlackElo "1618"]
[WhiteClock "01:08:42"]
[BlackClock "01:13:08"]
[PlyCount "130"]
[WhiteFideId "34608745"]
[BlackFideId "34603280"]
[EventCountry "GER"]
[EventRounds "11"]
[EventType "swiss"]
[EventDate "2021.08.22"]

1. e4 {[%clk 01:15:58]} {[%emt 00:00:01]} c5 {[%clk 01:15:47]} {[%emt
00:00:13]} 2. Nf3 {[%clk 01:16:22]} {[%emt 00:00:08]} e6 {[%clk 01:16:03]}
{[%emt 00:00:14]} 3. d3 {[%clk 01:16:43]} {[%emt 00:00:10]} Nc6 {[%clk
01:15:45]} {[%emt 00:00:46]} 4. g3 {[%clk 01:16:57]} {[%emt 00:00:16]} g6
{[%clk 01:16:02]} {[%emt 00:00:13]} 5. Bg2 {[%clk 01:17:12]} {[%emt 00:00:16]}
Bg7 {[%clk 01:16:20]} {[%emt 00:00:11]} 6. O-O {[%clk 01:17:34]} {[%emt
00:00:09]} Nge7 {[%clk 01:16:28]} {[%emt 00:00:21]} 7. c3 {[%clk 01:17:47]}
{[%emt 00:00:18]} O-O {[%clk 01:16:44]} {[%emt 00:00:12]} 8. Be3 {[%clk
01:17:42]} {[%emt 00:00:36]} b6 {[%clk 01:16:44]} {[%emt 00:00:31]} 9. Nbd2
{[%clk 01:17:34]} {[%emt 00:00:37]} Bb7 {[%clk 01:14:13]} {[%emt 00:03:01]} 10.
Re1 {[%clk 01:15:37]} {[%emt 00:02:27]} Qc7 {[%clk 01:11:58]} {[%emt 00:02:46]}
11. Nc4 {[%clk 01:15:29]} {[%emt 00:00:38]} Rad8 {[%clk 01:10:54]} {[%emt
00:01:33]} 12. Qc2 {[%clk 01:12:15]} {[%emt 00:03:45]} d5 {[%clk 01:05:12]}
{[%emt 00:06:11]} 13. exd5 {[%clk 01:11:15]} {[%emt 00:01:30]} Nxd5 {[%clk
01:05:05]} {[%emt 00:00:38]} 14. Rad1 {[%clk 01:07:03]} {[%emt 00:04:39]} b5
{[%clk 01:04:29]} {[%emt 00:01:09]} 15. Ncd2 {[%clk 01:06:49]} {[%emt
00:00:43]} Nxe3 {[%clk 01:04:26]} {[%emt 00:00:33]} 16. fxe3 {[%clk 01:06:32]}
{[%emt 00:00:47]} Ne5 {[%clk 01:03:37]} {[%emt 00:01:18]} 17. e4 {[%clk
01:06:43]} {[%emt 00:00:19]} Nxd3 {[%clk 01:03:53]} {[%emt 00:00:15]} 18. Re3
{[%clk 01:06:47]} {[%emt 00:00:25]} c4 {[%clk 01:03:39]} {[%emt 00:00:44]} 19.
Bf1 {[%clk 01:05:31]} {[%emt 00:01:45]} Qc5 {[%clk 01:03:45]} {[%emt 00:00:26]}
20. Nd4 {[%clk 01:02:45]} {[%emt 00:03:15]} Bxd4 {[%clk 01:03:42]} {[%emt
00:00:32]} 21. cxd4 {[%clk 01:03:06]} {[%emt 00:00:10]} Qxd4 {[%clk 01:04:02]}
{[%emt 00:00:10]} 22. Nxc4 {[%clk 01:02:03]} {[%emt 00:01:33]} bxc4 {[%clk
01:04:20]} {[%emt 00:00:12]} 23. Rdxd3 {[%clk 01:01:52]} {[%emt 00:00:42]} cxd3
{[%clk 01:04:15]} {[%emt 00:00:35]} 24. Qxd3 {[%clk 01:02:13]} {[%emt
00:00:09]} e5 {[%clk 01:04:12]} {[%emt 00:00:33]} 25. b3 {[%clk 01:01:30]}
{[%emt 00:01:13]} Ba6 {[%clk 01:04:31]} {[%emt 00:00:10]} 26. Qxd4 {[%clk
01:01:34]} {[%emt 00:00:27]} exd4 {[%clk 01:04:58]} {[%emt 00:00:03]} 27. Re1
{[%clk 01:01:43]} {[%emt 00:00:21]} d3 {[%clk 01:05:07]} {[%emt 00:00:20]} 28.
Rd1 {[%clk 01:02:01]} {[%emt 00:00:13]} Rd4 {[%clk 01:05:25]} {[%emt 00:00:10]}
29. Kg2 {[%clk 01:02:04]} {[%emt 00:00:29]} Rc8 {[%clk 01:05:33]} {[%emt
00:00:21]} 30. Kf3 {[%clk 01:02:17]} {[%emt 00:00:18]} f5 {[%clk 01:05:29]}
{[%emt 00:00:33]} 31. exf5 {[%clk 01:02:27]} {[%emt 00:00:20]} Re8 {[%clk
01:05:22]} {[%emt 00:00:35]} 32. fxg6 {[%clk 01:02:40]} {[%emt 00:00:19]} Bc8
{[%clk 01:05:29]} {[%emt 00:00:23]} 33. gxh7+ {[%clk 01:02:57]} {[%emt
00:00:13]} Kh8 {[%clk 01:05:37]} {[%emt 00:00:23]} 34. h3 {[%clk 01:03:01]}
{[%emt 00:00:25]} Bb7+ {[%clk 01:05:58]} {[%emt 00:00:09]} 35. Kf2 {[%clk
01:03:17]} {[%emt 00:00:14]} Rd7 {[%clk 01:04:59]} {[%emt 00:01:30]} 36. g4
{[%clk 01:03:18]} {[%emt 00:00:28]} Be4 {[%clk 01:05:08]} {[%emt 00:00:22]} 37.
Kg3 {[%clk 01:02:37]} {[%emt 00:01:11]} a6 {[%clk 01:04:49]} {[%emt 00:00:49]}
38. h4 {[%clk 01:02:43]} {[%emt 00:00:24]} d2 {[%clk 01:05:08]} {[%emt
00:00:11]} 39. Bxa6 {[%clk 01:02:34]} {[%emt 00:00:39]} Bc2 {[%clk 01:05:21]}
{[%emt 00:00:16]} 40. Bb5 {[%clk 01:02:43]} {[%emt 00:00:22]} Bxd1 {[%clk
01:05:44]} {[%emt 00:00:07]} 41. Bxd7 {[%clk 01:02:58]} {[%emt 00:00:14]} Re7
{[%clk 01:05:40]} {[%emt 00:00:34]} 42. Bf5 {[%clk 01:03:12]} {[%emt 00:00:17]}
Be2 {[%clk 01:05:58]} {[%emt 00:00:12]} 43. Bc2 {[%clk 01:03:27]} {[%emt
00:00:14]} d1=Q {[%clk 01:06:09]} {[%emt 00:00:19]} 44. Bxd1 {[%clk 01:03:50]}
{[%emt 00:00:08]} Bxd1 {[%clk 01:06:36]} {[%emt 00:00:03]} 45. g5 {[%clk
01:04:04]} {[%emt 00:00:15]} Kxh7 {[%clk 01:06:54]} {[%emt 00:00:13]} 46. b4
{[%clk 01:03:58]} {[%emt 00:00:37]} Ra7 {[%clk 01:07:13]} {[%emt 00:00:09]} 47.
Kf4 {[%clk 01:04:17]} {[%emt 00:00:11]} Rxa2 {[%clk 01:07:26]} {[%emt
00:00:19]} 48. Kf5 {[%clk 01:04:23]} {[%emt 00:00:23]} Rb2 {[%clk 01:07:43]}
{[%emt 00:00:12]} 49. g6+ {[%clk 01:04:44]} {[%emt 00:00:11]} Kh6 {[%clk
01:07:59]} {[%emt 00:00:14]} 50. Kf6 {[%clk 01:05:05]} {[%emt 00:00:08]} Rf2+
{[%clk 01:08:22]} {[%emt 00:00:06]} 51. Ke6 {[%clk 01:05:19]} {[%emt 00:00:17]}
Kxg6 {[%clk 01:08:48]} {[%emt 00:00:05]} 52. Kd6 {[%clk 01:05:33]} {[%emt
00:00:16]} Kh5 {[%clk 01:09:09]} {[%emt 00:00:07]} 53. b5 {[%clk 01:05:53]}
{[%emt 00:00:11]} Kxh4 {[%clk 01:09:34]} {[%emt 00:00:05]} 54. b6 {[%clk
01:06:14]} {[%emt 00:00:10]} Bf3 {[%clk 01:09:58]} {[%emt 00:00:05]} 55. Kc7
{[%clk 01:06:29]} {[%emt 00:00:16]} Rb2 {[%clk 01:10:19]} {[%emt 00:00:09]} 56.
Kb8 {[%clk 01:06:18]} {[%emt 00:00:41]} Rxb6+ {[%clk 01:10:36]} {[%emt
00:00:13]} 57. Ka7 {[%clk 01:06:34]} {[%emt 00:00:13]} Rb1 {[%clk 01:10:57]}
{[%emt 00:00:07]} 58. Ka6 {[%clk 01:06:55]} {[%emt 00:00:11]} Kg5 {[%clk
01:11:20]} {[%emt 00:00:05]} 59. Ka5 {[%clk 01:07:01]} {[%emt 00:00:24]} Kf5
{[%clk 01:11:42]} {[%emt 00:00:09]} 60. Ka4 {[%clk 01:07:13]} {[%emt 00:00:19]}
Ke4 {[%clk 01:11:59]} {[%emt 00:00:13]} 61. Ka3 {[%clk 01:07:09]} {[%emt
00:02:36]} Kd4 {[%clk 01:12:14]} {[%emt 00:00:14]} 62. Ka2 {[%clk 01:07:33]}
{[%emt 00:00:08]} Be4 {[%clk 01:12:30]} {[%emt 00:00:13]} 63. Ka3 {[%clk
01:07:56]} {[%emt 00:00:07]} Kc4 {[%clk 01:12:48]} {[%emt 00:00:11]} 64. Ka2
{[%clk 01:08:18]} {[%emt 00:00:08]} Kc3 {[%clk 01:13:08]} {[%emt 00:00:10]} 65.
Ka3 {[%clk 01:08:42]} {[%emt 00:00:07]} Ra1# {[%emt 00:00:05]} 0-1